Bình sai lưới trắc địa

Nội dung giơi thiệu những khái niêm mới về trắc địa, trình bày những mệnh đề mở đầu để chứng minh định lý và quy tắc. Phát biểu những mệnh đề khẳng định về toán học...

Bewaard in:
Bibliografische gegevens
Hoofdauteur: Lê, Văn Hưng
Formaat: Boek
Taal:Undetermined
Gepubliceerd in: Hà Nội Khoa học và Kỹ thuật 1998
Onderwerpen:
Tags: Voeg label toe
Geen labels, Wees de eerste die dit record labelt!
Thư viện lưu trữ: Trung tâm Học liệu Trường Đại học Cần Thơ
LEADER 00923nam a2200229Ia 4500
001 CTU_148451
008 210402s9999 xx 000 0 und d
020 |c 26000 
082 |a 526.3 
082 |b H556 
100 |a Lê, Văn Hưng 
245 0 |a Bình sai lưới trắc địa 
245 0 |c Lê Văn Hưng 
260 |a Hà Nội 
260 |b Khoa học và Kỹ thuật 
260 |c 1998 
520 |a Nội dung giơi thiệu những khái niêm mới về trắc địa, trình bày những mệnh đề mở đầu để chứng minh định lý và quy tắc. Phát biểu những mệnh đề khẳng định về toán học... 
526 |a Xử lý số liệu đo đạc 
526 |b MT263 
650 |a Mathematical geography,Geodesy,Surveying 
904 |i QHieu 
980 |a Trung tâm Học liệu Trường Đại học Cần Thơ